Words that Rhyme with "Cat" - Statistics

General Stats
  • This quiz has been taken 237 times
  • The average score is 12 of 14
Answer Stats
Hint Answer % Correct
Obese Fat
99%
What you did on a chair Sat
98%
Rodent Rat
97%
Black animal with wings Bat
96%
Something you wear on your head Hat
95%
Yoga ___ Mat
92%
A good old ___ on the back! Pat
92%
How's ___ That
87%
___ tire Flat
85%
Talk Chat
81%
Annoying bug Gnat
78%
What milk does on the ground when you spill it Splat
75%
Spoiled ___ Brat
70%
Something you use for holding liquid Vat
67%
No matching quizzes found
Score Distribution
Percent of People with Each Score
Percentile by Number Answered
Your Score History
You have not taken this quiz